| 000 | 01061nam a2200277 4500 | ||
|---|---|---|---|
| 003 | OSt | ||
| 005 | 20260530113920.0 | ||
| 008 | 260520b2006 mx a|||| |||| 00| 0 spa d | ||
| 020 | _a8475067417 | ||
| 040 |
_aICI _bspa _cICI |
||
| 041 | _aspa | ||
| 050 | 4 |
_aNK2446.P67 _bA4 2006 |
|
| 100 | 1 |
_aPorset, Clara, _d1895-1981, _eautor _93389 |
|
| 245 | 1 | 3 |
_aEl diseño de Clara Porset : _binventando un México moderno = Clara Porset's design : creating a modern Mexico |
| 246 | 3 | 1 | _aClara Porset's design : creating a modern mexico |
| 264 | 1 |
_aMéxico : _bMuseo Franz Mayer, _c2006 |
|
| 300 |
_a181 páginas : _bilustraciones (algunas a col.), retratos |
||
| 336 |
_2rdacontent _atexto |
||
| 337 |
_2rdamedia _asin medio |
||
| 338 |
_2rdacarrier _avolumen |
||
| 500 | _aCoedición con: Difusión Cultural, Centro de Investigaciones de Diseño Industrial, UNAM : Turner | ||
| 500 | _aTexto en español e inglés | ||
| 600 | 1 | 0 |
_aPorset, Clara, _d1895-1981 _vExposiciones _93502 |
| 650 | 0 |
_aMuebles _vExposiciones _xDiseñadores _zMéxico _934512 |
|
| 942 |
_2lcc _n1 _cBK |
||
| 999 |
_c12412 _d12412 |
||